000 00484nam a22001697a 4500
003 OSt
005 20120302144933.0
008 090415t xxu||||| |||| 00| 0 eng d
035 _a२३३५
040 _cमराठी
100 _aकर्णिक , मधुमंगेश
_93381
245 _aनिरभ्र
250 _a१ ली
260 _aमुंबई
_bमॅजेस्टिक
_c१९७२
300 _b९८ पाने
942 _2ddc
_cBOOK
999 _c488548
_d488545